Priateľstvo je pevné a nikto ho neroztrhne

Bibliographic Details
Main Authors: Čechová, Soňa, 1930-2007 (ain), Magálová, Kamila, 1950- (Author, uin), Sovák, Jiří, 1920-2000 (Author, uin)
Format: Article
Language:Slovak
PhysicalDescription:Obr.
Subjects:

MARC

LEADER 00000nab a2200000 a 4500
001 vtls000666495
003 SK-MaSNL
005 20260304012050.0
008 160324c1998 xo 0 slo
015 |a SNBRA1998/07-20128 
035 |a CLN000018679 
040 |a SNKBUCL  |b slo  |c SNKBUCL  |e AACR2 
041 0 |a slo 
044 |a xo  |c SK 
080 |a 008(437.6):008(437.1/.2)  |2 1997 
080 |a 008(437.1/.2):008(437.6)  |2 1997 
100 1 |a Čechová, Soňa,  |d 1930-2007  |4 ain  |9 53227 
245 1 0 |a Priateľstvo je pevné a nikto ho neroztrhne  |c Soňa Čechová, Kamila Magálová, Jiří Sovák 
300 |b Obr. 
650 0 7 |a kultúra slovenská  |x kultúra česká  |x rozhovory  |2 snkbucl  |9 1291450 
650 0 7 |a kultúra česká  |x kultúra slovenská  |x rozhovory  |2 snkbucl  |9 1112380 
655 7 |a články z novín a časopisov  |2 snkbucl  |9 267496 
700 1 |a Magálová, Kamila,  |d 1950-  |4 uin  |4 aut  |9 101716 
700 1 |a Sovák, Jiří,  |d 1920-2000  |4 uin  |4 aut  |9 5609 
773 0 |t Mosty  |g Roč. 7, č. 28 (1998), s. 1-2 
850 |a Slovenská národná knižnica v Martine 
852 |a SNK  |b KIS3GCP 
958 |a SK 
958 |a CZ 
958 |a RBX 
999 |c 2569521  |d 2571451